000 00587nam a2200253Ia 4500
008 210210b1928 xxu||||| |||| 00| 0 eng d
041 _aeng
082 _a825/1023
100 _aBINYON
245 _aBeing the transactions of the royal society of literature Vol 8
260 _aLondon
_bOxford University Press
_c1928
440 _a8
650 _aVol
650 _atransactions
650 _athe
650 _asociety
650 _aroyal
650 _aof
650 _aliterature
650 _aBeing
650 _a8
690 _aEnglish Criticism
906 _a015338
999 _c134698
_d134698